PNL ou PLK ? - Statistiques

Statistiques générales
  • Ce quiz a été pris 2 044 fois
  • Le résultat moyen est 8 sur 10
Statistiques - réponses
Question Réponse % Correct
Est un groupe PNL
98%
A au moins un frère Les deux
96%
Est l'auteur de la chanson "Nouvelles" PLK
93%
Est connu pour n'apparaître que très peu sur des feats PNL
93%
Est originaire de la région parisienne Les deux
88%
Est l'auteur de la chanson "Comme pas deux" PNL
83%
Est l'acronyme d'un surnom PLK
65%
Sort son premier album en 2015 PNL
55%
A sorti au total 2 albums dans sa carrière Aucun
49%
A le plus d'auditeurs sur Spotify en juillet 2025 PLK
46%
Aucun quiz correspondant
Distribution des résultats
% des personnes avec chaque résultat
Percentile par nombre de réponses
Votre historique - résultats
Vous n’avez pas pris ce quiz